| 000 | 00425nam a2200169 a 4500 | ||
|---|---|---|---|
| 001 | 5211 | ||
| 003 | CO-ViMGA | ||
| 008 | 141112s2004 ck r 000 u spa d | ||
| 040 |
_aCO-ViMGA _bspa _cCO-ViMGA |
||
| 082 | 0 | 4 | _a863.64 G477 |
| 100 | 1 |
_aGisbert, Joan Manuel _96488 |
|
| 245 | 1 | 0 | _aLos armarios negros |
| 260 |
_aMadrid : _bAlfaguara, _c1996 |
||
| 300 | _a180 p | ||
| 650 | 1 | 4 |
_aCUENTOS ESPAÑOLES _93223 |
| 942 |
_2ddc _cBK |
||
| 999 |
_c17211 _d17211 |
||